<?xml version="1.0" encoding="UTF-8"?>
<record
    xmlns:xsi="http://www.w3.org/2001/XMLSchema-instance"
    xsi:schemaLocation="http://www.loc.gov/MARC21/slim http://www.loc.gov/standards/marcxml/schema/MARC21slim.xsd"
    xmlns="http://www.loc.gov/MARC21/slim">

  <leader>     cam a22      a 4500</leader>
  <datafield tag="999" ind1=" " ind2=" ">
    <subfield code="c">7202</subfield>
    <subfield code="d">7202</subfield>
  </datafield>
  <controlfield tag="003">OSt</controlfield>
  <controlfield tag="005">20181204154108.0</controlfield>
  <controlfield tag="008">181204e2017    spca|||  |||| 0|0 0 spa|d</controlfield>
  <datafield tag="017" ind1=" " ind2=" ">
    <subfield code="a">DL B 12164-2017</subfield>
    <subfield code="b">Biblioteca de Catalunya</subfield>
  </datafield>
  <datafield tag="020" ind1=" " ind2=" ">
    <subfield code="a">9788491168065</subfield>
  </datafield>
  <datafield tag="040" ind1=" " ind2=" ">
    <subfield code="a">ES-BaUOC</subfield>
    <subfield code="b">cat</subfield>
    <subfield code="c">CDMR</subfield>
  </datafield>
  <datafield tag="100" ind1="1" ind2=" ">
    <subfield code="a">Otero Alvarado, Mar&#xED;a Teresa,</subfield>
    <subfield code="e">autor</subfield>
  </datafield>
  <datafield tag="245" ind1="1" ind2="0">
    <subfield code="a">&#xBF;C&#xF3;mo se organizan los actos corporativos? </subfield>
    <subfield code="c">/ Mar&#xED;a Teresa Otero Alvarado</subfield>
  </datafield>
  <datafield tag="260" ind1=" " ind2=" ">
    <subfield code="a">Barcelona :</subfield>
    <subfield code="b">Editorial UOC,</subfield>
    <subfield code="c">2017</subfield>
  </datafield>
  <datafield tag="300" ind1=" " ind2=" ">
    <subfield code="a">95 p. :</subfield>
    <subfield code="b">il ;</subfield>
    <subfield code="c">21 cm</subfield>
  </datafield>
  <datafield tag="504" ind1=" " ind2=" ">
    <subfield code="a">Bibliografia</subfield>
  </datafield>
  <datafield tag="650" ind1=" " ind2="7">
    <subfield code="a">Esdeveniments especials</subfield>
    <subfield code="x">Planificaci&#xF3;</subfield>
    <subfield code="2">lemac</subfield>
  </datafield>
  <datafield tag="650" ind1="0" ind2="4">
    <subfield code="a">Comunicaci&#xF3; en l'empresa</subfield>
    <subfield code="9">2798</subfield>
  </datafield>
  <datafield tag="650" ind1=" " ind2="7">
    <subfield code="a">Etiqueta en els negocis</subfield>
    <subfield code="2">lemac</subfield>
  </datafield>
  <datafield tag="942" ind1=" " ind2=" ">
    <subfield code="c">MON</subfield>
  </datafield>
  <datafield tag="952" ind1=" " ind2=" ">
    <subfield code="0">0</subfield>
    <subfield code="1">0</subfield>
    <subfield code="4">0</subfield>
    <subfield code="7">0</subfield>
    <subfield code="a">CDMR</subfield>
    <subfield code="b">CDMR</subfield>
    <subfield code="d">2018-12-04</subfield>
    <subfield code="e">Intercanvi</subfield>
    <subfield code="g">11.00</subfield>
    <subfield code="l">12</subfield>
    <subfield code="m">8</subfield>
    <subfield code="o">Cm 3/40</subfield>
    <subfield code="p">CDMR18120014</subfield>
    <subfield code="r">2021-10-05</subfield>
    <subfield code="s">2021-09-07</subfield>
    <subfield code="v">11.00</subfield>
    <subfield code="w">2018-12-04</subfield>
    <subfield code="y">MON</subfield>
  </datafield>
</record>
